000 00756nam a2200277Ia 4500
003 OSt
005 20221006153252.0
006 a|||||r|||| 00| 0
007 ta
008 221006b |||||||| |||| 00| 0 kor d
020 _cW 9,500
024 _a31,829
037 _bGift, Korean Embassy
_cTextual
040 _aEASL
_cEASL
_bkor
041 _2kor
_akor
082 _aO495,3N32, P4
100 _aLEE Ho-Cheol Au.
_9663224
245 0 _aLee Ho-Cheol-ui sseunsori
260 _aSeoul
_bUrigyeok Korea
_c2004
300 _a223p.
_ccm.
490 _v KL
650 _a KL
650 _aNovel of Lee Ho-Cheol
_9663225
942 _hO495,3N32, P4
_cTEXL
_2CC
999 _c1099915
_d1099915